The fundamentals of architecture / (Record no. 13435)
[ view plain ]
| 000 -LEADER | |
|---|---|
| fixed length control field | 01549cam a2200385 a 4500 |
| 001 - CONTROL NUMBER | |
| control field | 13455919 |
| 003 - CONTROL NUMBER IDENTIFIER | |
| control field | EG-ScBUE |
| 005 - DATE AND TIME OF LATEST TRANSACTION | |
| control field | 20220814092345.0 |
| 008 - FIXED-LENGTH DATA ELEMENTS--GENERAL INFORMATION | |
| fixed length control field | 040113t2007 sz a f b 001 0 eng d |
| 020 ## - INTERNATIONAL STANDARD BOOK NUMBER | |
| International Standard Book Number | 2940373485 |
| 020 ## - INTERNATIONAL STANDARD BOOK NUMBER | |
| International Standard Book Number | 9782940373482 |
| 035 ## - SYSTEM CONTROL NUMBER | |
| System control number | (OCoLC)ocm48362211 |
| 040 ## - CATALOGING SOURCE | |
| Original cataloging agency | UKM |
| Language of cataloging | eng |
| Description conventions | rda |
| Transcribing agency | UKM |
| Modifying agency | NTE |
| -- | DLC |
| -- | EG-ScBUE |
| 082 04 - DEWEY DECIMAL CLASSIFICATION NUMBER | |
| Classification number | 720 |
| Edition number | 22 |
| Item number | FAR |
| 100 1# - MAIN ENTRY--PERSONAL NAME | |
| Personal name | Farrelly, Lorraine, |
| Relator term | author. |
| 9 (RLIN) | 11573 |
| 245 10 - TITLE STATEMENT | |
| Title | The fundamentals of architecture / |
| Statement of responsibility, etc | Lorraine Farrelly. |
| 264 #1 - PUBLICATION, DISTRIBUTION, ETC. (IMPRINT) | |
| Place of publication, distribution, etc | Lausanne, Switzerland : |
| Name of publisher, distributor, etc | AVA Academia, |
| Date of publication, distribution, etc | [2007] |
| 264 #4 - PUBLICATION, DISTRIBUTION, ETC. (IMPRINT) | |
| Date of publication, distribution, etc | c2007 |
| 300 ## - PHYSICAL DESCRIPTION | |
| Extent | 176 pages : |
| Other physical details | illustrations (chiefly color) ; |
| Dimensions | 29 cm. |
| 336 ## - CONTENT TYPE | |
| Source | rdacontent |
| Content type term | text |
| Content type code | txt |
| 337 ## - MEDIA TYPE | |
| Source | rdamedia |
| Media type term | unmediated |
| Media type code | n |
| 338 ## - CARRIER TYPE | |
| Source | rdacarrier |
| Carrier type term | volume |
| Carrier type code | nc |
| 490 0# - SERIES STATEMENT | |
| Series statement | another in the Ava series |
| 504 ## - BIBLIOGRAPHY, ETC. NOTE | |
| Bibliography, etc | Includes bibliographical references and index. |
| 650 #7 - SUBJECT ADDED ENTRY--TOPICAL TERM | |
| Topical term or geographic name as entry element | Architectural design. |
| Source of heading or term | BUEsh |
| 9 (RLIN) | 11572 |
| 650 #7 - SUBJECT ADDED ENTRY--TOPICAL TERM | |
| Topical term or geographic name as entry element | Architecture. |
| Source of heading or term | BUEsh |
| 9 (RLIN) | 11571 |
| 651 ## - SUBJECT ADDED ENTRY--GEOGRAPHIC NAME | |
| Source of heading or term | BUEsh |
| 653 ## - INDEX TERM--UNCONTROLLED | |
| Resource For college | Humanities: English |
| 655 ## - INDEX TERM--GENRE/FORM | |
| Form subdivision | Reading book |
| 9 (RLIN) | 34232 |
| 856 41 - ELECTRONIC LOCATION AND ACCESS | |
| Materials specified | Table of contents only |
| Uniform Resource Identifier | <a href="http://www.loc.gov/catdir/toc/wiley041/2004266964.html">http://www.loc.gov/catdir/toc/wiley041/2004266964.html</a> |
| 856 42 - ELECTRONIC LOCATION AND ACCESS | |
| Materials specified | Contributor biographical information |
| Uniform Resource Identifier | <a href="http://www.loc.gov/catdir/enhancements/fy0620/2004266964-b.html">http://www.loc.gov/catdir/enhancements/fy0620/2004266964-b.html</a> |
| 856 42 - ELECTRONIC LOCATION AND ACCESS | |
| Materials specified | Publisher description |
| Uniform Resource Identifier | <a href="http://www.loc.gov/catdir/enhancements/fy0620/2004266964-d.html">http://www.loc.gov/catdir/enhancements/fy0620/2004266964-d.html</a> |
| 942 ## - ADDED ENTRY ELEMENTS (KOHA) | |
| Source of classification or shelving scheme | Dewey Decimal Classification |
| Koha item type | Book - Borrowing |
| Withdrawn status | Lost status | Source of classification or shelving scheme | Damaged status | Not for loan | Collection code | Home library | Current library | Shelving location | Date acquired | Source of acquisition | Cost, normal purchase price | Serial Enumeration / chronology | Total Checkouts | Total Renewals | Full call number | Barcode | Date last seen | Date checked out | Price effective from | Koha item type |
|---|---|---|---|---|---|---|---|---|---|---|---|---|---|---|---|---|---|---|---|---|
| Dewey Decimal Classification | Book store center | Central Library | Central Library | Second Floor | 21/02/2010 | 290.00 | 1 | 4 | 10 | 720 FAR | 000019666 | 15/07/2025 | 24/02/2020 | 21/02/2010 | Book - Borrowing |